[Event "Mittelfranken-chTB1 1819"]
[Site "Mittelfranken"]
[Date "2019.03.31"]
[Round "8.4"]
[White "Hepting, Heinrich"]
[Black "Mehwald, Thomas"]
[Result "1/2-1/2"]
[WhiteElo "2066"]
[BlackElo "1966"]
[PlyCount "110"]
[EventDate "2018.10.14"]
[EventType "team-tourn"]
[EventRounds "9"]
[EventCountry "GER"]
[SourceTitle "EXT 2022"]
[Source "ChessBase"]
[SourceDate "2021.10.06"]
[SourceVersion "1"]
[SourceVersionDate "2021.10.06"]
[SourceQuality "1"]
[WhiteTeam "Fuerth SG"]
[BlackTeam "Muehlhof/Schwabach"]
[WhiteTeamCountry "GER"]
[BlackTeamCountry "GER"]

1. Nf3 c5 2. g3 Nc6 3. Bg2 d5 4. c4 e6 5. b3 Nf6 6. 0-0 Bd6 7. Bb2 0-0 8. d3 d4 9. e4 e5 10. h3 Bd7 11. Na3 Ne8 12. Bc1 Qc8 13. Kh2 Nd8 14. Nc2 Ne6 15. a3 a5 16. Rb1 N8c7 17. Bd2 Ra7 18. Ng1 f6 19. Kh1 Ng5 20. Kh2 Nce6 21. Kh1 Nd8 22. h4 Ngf7 23. f4 f5 24. Qe2 Ra6 25. Nf3 fxe4 26. dxe4 Bg4 27. Nce1 exf4 28. gxf4 Be7 29. Qf2 Nd6 30. Nh2 Bh3 31. Qf3 Bxg2+ 32. Nxg2 N8f7 33. a4 Ne5 34. Qe2 Ng6 35. Be1 Qe6 36. e5 Nf5 37. h5 Ngh4 38. Bxh4 Bxh4 39. Qf3 Ng3+ 40. Kg1 Nxf1 41. Rxf1 Bd8 42. Qxb7 Rb6 43. Qf3 Kh8 44. Ng4 Qf5 45. Nf2 Qxe5 46. Ne4 Qf5 47. Ng3 Qc2 48. Qd5 Qxb3 49. Ne4 Rb8 50. Nd6 h6 51. Nf7+ Kh7 52. Qf5+ Kg8 53. Nxh6+ gxh6 54. Qg6+ Kh8 55. Qxh6+ Kg8 1/2-1/2

[Event "Mittelfranken-chTB1 1718"]
[Site "Mittelfranken"]
[Date "2018.01.28"]
[Round "4.5"]
[White "Stertkuhl, Eric"]
[Black "Mehwald, Thomas"]
[Result "1/2-1/2"]
[WhiteElo "2083"]
[BlackElo "1972"]
[PlyCount "41"]
[EventDate "2017.10.08"]
[EventType "team-tourn"]
[EventRounds "9"]
[EventCountry "GER"]
[SourceTitle "EXT 2022"]
[Source "ChessBase"]
[SourceDate "2021.10.06"]
[SourceVersion "1"]
[SourceVersionDate "2021.10.06"]
[SourceQuality "1"]
[WhiteTeam "Postbauer Heng"]
[BlackTeam "Muehlhof/Schwabach"]
[WhiteTeamCountry "GER"]
[BlackTeamCountry "GER"]

1. d4 Nf6 2. f4 d5 3. Nf3 Bf5 4. e3 e6 5. Bd3 Ne4 6. 0-0 Nd7 7. Bxe4 Bxe4 8. Nbd2 Bg6 9. b3 Bd6 10. Bb2 c6 11. Rc1 Qe7 12. Ne5 Bxe5 13. fxe5 0-0 14. e4 dxe4 15. Qe2 f5 16. exf6 Nxf6 17. Nc4 b5 18. Ne5 Rac8 19. Nxg6 hxg6 20. c4 a6 21. Qe3 1/2-1/2

[Event "Mittelfranken-chTB2b 1415"]
[Site "Mittelfranken"]
[Date "2015.03.08"]
[Round "7.3"]
[White "Mehwald, Thomas"]
[Black "Rausch, Wolfgang"]
[Result "0-1"]
[WhiteElo "1954"]
[BlackElo "2019"]
[PlyCount "48"]
[EventDate "2014.09.28"]
[EventType "team-tourn"]
[EventRounds "9"]
[EventCountry "GER"]
[SourceTitle "EXT 2020"]
[Source "ChessBase"]
[SourceDate "2019.10.17"]
[SourceVersion "1"]
[SourceVersionDate "2019.10.17"]
[SourceQuality "1"]
[WhiteTeam "Muehlhof/Schwabach"]
[BlackTeam "Lauf SV"]
[WhiteTeamCountry "GER"]
[BlackTeamCountry "GER"]

1. e4 e5 2. Nf3 Nc6 3. Bc4 Bc5 4. Nc3 d6 5. d3 a6 6. a3 Nd4 7. Nxd4 Bxd4 8. 0-0 Ne7 9. Ne2 Ba7 10. c3 c6 11. Ba2 f5 12. Qb3 Rf8 13. Ng3 d5 14. Bg5 f4 15. Nh5 Kf7 16. exd5 Kg6 17. Rae1 Rf5 18. d6 Qxd6 19. g4 Rxg5 20. Qf7+ Kh6 21. Kh1 Bxg4 22. Ng3 Bf3+ 23. Kg1 fxg3 24. Qxf3 gxf2+ 0-1

[Event "Mittelfranken-chTB2b 1415"]
[Site "Mittelfranken"]
[Date "2015.02.08"]
[Round "6.3"]
[White "Lutzky, Manfred"]
[Black "Mehwald, Thomas"]
[Result "1/2-1/2"]
[WhiteElo "1880"]
[BlackElo "1954"]
[PlyCount "39"]
[EventDate "2014.09.28"]
[EventType "team-tourn"]
[EventRounds "9"]
[EventCountry "GER"]
[SourceTitle "EXT 2020"]
[Source "ChessBase"]
[SourceDate "2019.10.17"]
[SourceVersion "1"]
[SourceVersionDate "2019.10.17"]
[SourceQuality "1"]
[WhiteTeam "Nuernberg NT IV"]
[BlackTeam "Muehlhof/Schwabach"]
[WhiteTeamCountry "GER"]
[BlackTeamCountry "GER"]

1. e4 c5 2. c3 d5 3. exd5 Qxd5 4. d4 Nf6 5. Nf3 Bg4 6. Be2 e6 7. 0-0 Be7 8. h3 Bh5 9. Qa4+ Nc6 10. Rd1 0-0 11. c4 Qd6 12. g4 Bg6 13. Be3 cxd4 14. Nxd4 Qb4 15. Qxb4 Nxb4 16. a3 Nc2 17. Nxc2 Bxc2 18. Rc1 Ba4 19. Nc3 Bc6 20. b4 1/2-1/2

[Event "Mittelfranken-chTB2b 1314"]
[Site "Mittelfranken"]
[Date "2013.11.17"]
[Round "2.2"]
[White "Mehwald, Thomas"]
[Black "Traut, Gerhard"]
[Result "0-1"]
[WhiteElo "1954"]
[BlackElo "1797"]
[PlyCount "80"]
[EventDate "2013.10.20"]
[EventType "team-tourn"]
[EventRounds "9"]
[EventCountry "GER"]
[SourceTitle "EXT 2020"]
[Source "ChessBase"]
[SourceDate "2019.10.17"]
[SourceVersion "1"]
[SourceVersionDate "2019.10.17"]
[SourceQuality "1"]
[WhiteTeam "Muehlhof/Schwabach"]
[BlackTeam "Uttenreuth"]
[WhiteTeamCountry "GER"]
[BlackTeamCountry "GER"]

1. e4 c5 2. Nf3 Nc6 3. d4 cxd4 4. Nxd4 a6 5. Be3 Nf6 6. Nc3 e6 7. Bd3 Qc7 8. 0-0 Be7 9. f4 d6 10. a4 0-0 11. Nxc6 bxc6 12. Kh1 Rb8 13. e5 Nd5 14. Nxd5 cxd5 15. Qh5 g6 16. Qh6 Re8 17. Bd4 Bf8 18. Qg5 Bg7 19. Rae1 Qd8 20. Qg4 Rb4 21. Bc3 Rxa4 22. Qe2 Bb7 23. b3 Ra2 24. Qd1 Qc7 25. Qb1 Qxc3 26. Qxa2 dxe5 27. Qa4 Bc6 28. Qxa6 e4 29. Bc4 Ba8 30. Bb5 Rf8 31. Re2 d4 32. Bc4 Rd8 33. Qb6 Bf6 34. Rd1 d3 35. cxd3 exd3 36. Bxd3 Rxd3 37. Rxd3 Qxd3 38. Re1 Bd5 39. b4 Qd2 40. Qg1 Bxg2+ 0-1

[Event "Mittelfranken-chTB2b 1213"]
[Site "Germany"]
[Date "2013.03.10"]
[Round "9.2"]
[White "Mehwald, Thomas"]
[Black "Ludwig, Michael"]
[Result "1-0"]
[WhiteElo "2008"]
[BlackElo "1860"]
[PlyCount "42"]
[EventDate "2012.10.07"]
[EventType "team-tourn"]
[EventRounds "9"]
[EventCountry "GER"]
[SourceTitle "EXT 2019"]
[Source "ChessBase"]
[SourceDate "2018.10.10"]
[SourceVersion "1"]
[SourceVersionDate "2018.10.10"]
[SourceQuality "1"]
[WhiteTeam "Muehlhof/Schwabach"]
[BlackTeam "Buechenbach/Roth II"]
[WhiteTeamCountry "GER"]
[BlackTeamCountry "GER"]

1. e4 c6 2. d4 d5 3. e5 Bf5 4. Nc3 e6 5. g4 Bg6 6. Nge2 Bb4 7. h4 h5 8. Ng3 hxg4 9. Qxg4 Bf8 10. Bg5 Nh6 11. Qf4 Be7 12. 0-0-0 Nf5 13. Nxf5 Bxg5 14. Nd6+ Kf8 15. hxg5 Rxh1 16. Bd3 Rxd1+ 17. Nxd1 Bf5 18. Bxf5 exf5 19. Qxf5 Qd7 20. Qh7 g6 21. Ne3 Qe6 1-0

[Event "Mittelfranken-chTB2b 1213"]
[Site "Germany"]
[Date "2012.12.16"]
[Round "5.2"]
[White "Mehwald, Thomas"]
[Black "Maettig, Stefan"]
[Result "1/2-1/2"]
[WhiteElo "2008"]
[BlackElo "1983"]
[PlyCount "46"]
[EventDate "2012.10.07"]
[EventType "team-tourn"]
[EventRounds "9"]
[EventCountry "GER"]
[SourceTitle "EXT 2019"]
[Source "ChessBase"]
[SourceDate "2018.10.10"]
[SourceVersion "1"]
[SourceVersionDate "2018.10.10"]
[SourceQuality "1"]
[WhiteTeam "Muehlhof/Schwabach"]
[BlackTeam "Nuernberg NT IV"]
[WhiteTeamCountry "GER"]
[BlackTeamCountry "GER"]

1. e4 d6 2. d4 Nf6 3. Nc3 g6 4. Nf3 Bg7 5. Be2 0-0 6. 0-0 c6 7. Bf4 b5 8. a3 a6 9. e5 Nh5 10. Be3 f6 11. exd6 Qxd6 12. Ne4 Qc7 13. Nc5 Nf4 14. Qd2 Nxe2+ 15. Qxe2 e5 16. dxe5 fxe5 17. Ng5 Qe7 18. c3 Bf5 19. Rad1 Nd7 20. Nxd7 Bxd7 21. Ne4 Rfb8 22. Bc5 Qe8 23. Rd6 Be6 1/2-1/2

[Event "Mittelfranken-chTB2b 1213"]
[Site "Germany"]
[Date "2012.12.02"]
[Round "4.2"]
[White "Bock, Helmar"]
[Black "Mehwald, Thomas"]
[Result "1/2-1/2"]
[WhiteElo "2032"]
[BlackElo "2008"]
[PlyCount "99"]
[EventDate "2012.10.07"]
[EventType "team-tourn"]
[EventRounds "9"]
[EventCountry "GER"]
[SourceTitle "EXT 2019"]
[Source "ChessBase"]
[SourceDate "2018.10.10"]
[SourceVersion "1"]
[SourceVersionDate "2018.10.10"]
[SourceQuality "1"]
[WhiteTeam "Herzogenaurach"]
[BlackTeam "Muehlhof/Schwabach"]
[WhiteTeamCountry "GER"]
[BlackTeamCountry "GER"]

1. e4 c5 2. Nf3 d6 3. d4 cxd4 4. Nxd4 Nf6 5. Nc3 a6 6. g3 g6 7. Bg2 Bg7 8. 0-0 0-0 9. h3 Nbd7 10. Be3 Ne5 11. Qe2 Qc7 12. Rad1 Nc4 13. Bc1 Nb6 14. Rfe1 Re8 15. Kh2 Bd7 16. Qd3 Rad8 17. Nde2 Bc6 18. Nd4 Bd7 19. Nd5 Nfxd5 20. exd5 Rc8 21. b3 Qc3 22. Re2 Kf8 23. Qxc3 Rxc3 24. Bb2 Rc7 25. c4 Bc8 26. h4 Nd7 27. f4 Nf6 28. Bf3 Bg4 29. Kg2 h5 30. Rde1 Bd7 31. Rd2 Ng4 32. a4 Nh6 33. Be4 Bf5 34. Bf3 Bd7 35. Be2 Nf5 36. Nxf5 Bxf5 37. Bxg7+ Kxg7 38. Bf1 Bd7 39. Re3 a5 40. Kf3 Kf6 41. Ke4 e6 42. dxe6 Rxe6+ 43. Kd4 Rxe3 44. Kxe3 Ke7 45. Kd4 Rc5 46. Bd3 Bf5 47. Be4 Bxe4 48. Kxe4 Kd7 49. Kd4 Rc8 50. Re2 1/2-1/2

[Event "Mittelfranken-chTB2b 1112"]
[Site "Germany"]
[Date "2012.03.25"]
[Round "9.2"]
[White "Kroneder, Christian"]
[Black "Mehwald, Thomas"]
[Result "1-0"]
[WhiteElo "1993"]
[BlackElo "2008"]
[PlyCount "71"]
[EventDate "2011.09.25"]
[EventType "team-tourn"]
[EventRounds "9"]
[EventCountry "GER"]
[SourceTitle "EXT 2018"]
[Source "ChessBase"]
[SourceDate "2017.10.13"]
[SourceVersion "1"]
[SourceVersionDate "2017.10.13"]
[SourceQuality "1"]
[WhiteTeam "Schwanstetten"]
[BlackTeam "Muehlhof/Schwabach"]
[WhiteTeamCountry "GER"]
[BlackTeamCountry "GER"]

1. e4 c5 2. Nf3 d6 3. d4 cxd4 4. Nxd4 Nf6 5. Nc3 g6 6. Be3 Bg7 7. Qd2 Nc6 8. f3 0-0 9. 0-0-0 d5 10. Nxc6 bxc6 11. Bc4 e6 12. h4 Qa5 13. Bb3 Rd8 14. Kb1 Ba6 15. Nxd5 Rxd5 16. exd5 Qxd2 17. Rxd2 Nxd5 18. Bxd5 cxd5 19. f4 Bb5 20. Bd4 f6 21. Re1 Kf7 22. g4 a6 23. g5 Rc8 24. b3 Bf8 25. Bxf6 Bb4 26. c3 Bxc3 27. Bxc3 Rxc3 28. Rc1 Rh3 29. Rc7+ Kg8 30. Re7 Bd3+ 31. Kb2 Bf5 32. Rd1 Rh2+ 33. Ka3 Rc2 34. Rd4 Rc8 35. Ra7 Rc6 36. Rb4 1-0

[Event "Mittelfranken-chTB2b 1112"]
[Site "Germany"]
[Date "2012.02.05"]
[Round "6.2"]
[White "Mehwald, Thomas"]
[Black "Kuhmann, Peter"]
[Result "1-0"]
[WhiteElo "2007"]
[BlackElo "1934"]
[PlyCount "119"]
[EventDate "2011.09.25"]
[EventType "team-tourn"]
[EventRounds "9"]
[EventCountry "GER"]
[SourceTitle "EXT 2013"]
[Source "ChessBase"]
[SourceDate "2012.11.22"]
[SourceVersion "1"]
[SourceVersionDate "2012.11.22"]
[SourceQuality "1"]
[WhiteTeam "Muehlhof/Schwabach"]
[BlackTeam "Kirchehrenbach/Ebermannstadt"]
[WhiteTeamCountry "GER"]
[BlackTeamCountry "GER"]

1. e4 d5 2. exd5 Nf6 3. d4 Nxd5 4. c4 Nf6 5. Nf3 c5 6. Be2 cxd4 7. Nxd4 e5 8. Nc2 Qxd1+ 9. Bxd1 Bd6 10. Nc3 Nc6 11. b3 Bf5 12. Nb5 Rd8 13. Nxd6+ Rxd6 14. Ne3 Bd3 15. Bc2 Nb4 16. Ba3 Nxc2+ 17. Nxc2 Ra6 18. Nb4 Rxa3 19. Nxd3 0-0 20. 0-0 Rd8 21. Rfd1 h6 22. Kf1 e4 23. Nb2 Rxd1+ 24. Nxd1 Ra6 25. Nc3 Re6 26. Re1 Kf8 27. h3 a6 28. Re3 Ke7 29. Ke1 Kd6 30. Kd2 Kc5 31. Kc2 Kd4 32. Ne2+ Kc5 33. Ng3 g6 34. Kc3 h5 35. f3 exf3 36. Rxe6 fxe6 37. gxf3 Kd6 38. Kd3 Ke5 39. Ke3 Nd7 40. Ne4 b6 41. b4 Kf5 42. c5 bxc5 43. Nxc5 Nxc5 44. bxc5 Ke5 45. h4 a5 46. c6 Kd6 47. Kf4 Kxc6 48. Kg5 Kd5 49. Kxg6 Ke5 50. Kg5 a4 51. a3 Kd4 52. Kxh5 Kc3 53. Kg4 Kb3 54. h5 Kxa3 55. h6 Kb2 56. h7 a3 57. h8Q+ Kb1 58. Qb8+ Ka1 59. Qb3 a2 60. Qc2 1-0

[Event "Mittelfranken-chTB2b 1112"]
[Site "Germany"]
[Date "2011.09.25"]
[Round "1.2"]
[White "Mehwald, Thomas"]
[Black "Kirchner, Norbert"]
[Result "0-1"]
[WhiteElo "2007"]
[BlackElo "1928"]
[PlyCount "52"]
[EventDate "2011.09.25"]
[EventType "team-tourn"]
[EventRounds "9"]
[EventCountry "GER"]
[SourceTitle "EXT 2013"]
[Source "ChessBase"]
[SourceDate "2012.11.22"]
[SourceVersion "1"]
[SourceVersionDate "2012.11.22"]
[SourceQuality "1"]
[WhiteTeam "Muehlhof/Schwabach"]
[BlackTeam "Heideck/Hilpoltstein"]
[WhiteTeamCountry "GER"]
[BlackTeamCountry "GER"]

1. e4 e5 2. Nf3 Nc6 3. d4 exd4 4. Bc4 Bc5 5. c3 Qe7 6. 0-0 Ne5 7. Nxe5 Qxe5 8. b4 Bb6 9. Bb2 dxc3 10. Bxc3 Qg5 11. Nd2 Ne7 12. a4 a5 13. Ra3 d6 14. Bb2 Qh6 15. Rg3 f6 16. Nf3 axb4 17. Bc1 g5 18. h4 Ra5 19. hxg5 fxg5 20. Nxg5 Qh4 21. Qb3 Rf8 22. Nf7 Rh5 23. Bb5+ Nc6 24. Rh3 Bxh3 25. Qxh3 Qxh3 26. gxh3 Rxf7 0-1

[Event "Mittelfranken-chTB1 0910"]
[Site "Mittelfranken"]
[Date "2009.11.22"]
[Round "3.2"]
[White "Mehwald, Thomas"]
[Black "Fuchs, Gerhard"]
[Result "1/2-1/2"]
[WhiteElo "2003"]
[BlackElo "2068"]
[PlyCount "81"]
[EventDate "2009.10.11"]
[EventType "team-tourn"]
[EventRounds "9"]
[EventCountry "GER"]
[SourceTitle "EXT 2011"]
[Source "ChessBase"]
[SourceDate "2010.11.26"]
[SourceVersion "1"]
[SourceVersionDate "2010.11.26"]
[SourceQuality "1"]
[WhiteTeam "Muehlhof/Mfr"]
[BlackTeam "Nuernberg SK 1911"]
[WhiteTeamCountry "GER"]
[BlackTeamCountry "GER"]

1. e4 e5 2. Nf3 Nc6 3. d4 exd4 4. Bc4 Nf6 5. 0-0 Nxe4 6. Re1 d5 7. Bxd5 Qxd5 8. Nc3 Qd8 9. Nxe4 Be7 10. Bg5 0-0 11. Bxe7 Qxe7 12. Nxd4 Nxd4 13. Qxd4 Rd8 14. Qc3 b6 15. Re3 Bb7 16. Rg3 f5 17. Nf6+ Kh8 18. Nh5 Rg8 19. Nf4 Rge8 20. Ne6 Rg8 21. Re1 Rae8 22. Rge3 Be4 23. Nf4 Qd6 24. Qxc7 Qf6 25. c3 g5 26. Nd3 Rg7 27. Qc4 Rd8 28. f3 Bd5 29. Re8+ Rg8 30. Rxg8+ Bxg8 31. Qb5 Rd5 32. Qa6 Qd8 33. Nb4 Rd2 34. Qxa7 Rxb2 35. Qe7 Qxe7 36. Rxe7 Bxa2 37. Nxa2 Rxa2 38. Rb7 Rb2 39. c4 Rb4 40. Kf2 Rxc4 41. Rxb6 1/2-1/2

[Event "Mittelfranken-chTB1 0910"]
[Site "Mittelfranken"]
[Date "2009.10.11"]
[Round "1.1"]
[White "Dittmar, Thomas"]
[Black "Mehwald, Thomas"]
[Result "1/2-1/2"]
[WhiteElo "1937"]
[BlackElo "2003"]
[PlyCount "81"]
[EventDate "2009.10.11"]
[EventType "team-tourn"]
[EventRounds "9"]
[EventCountry "GER"]
[SourceTitle "EXT 2011"]
[Source "ChessBase"]
[SourceDate "2010.11.26"]
[SourceVersion "1"]
[SourceVersionDate "2010.11.26"]
[SourceQuality "1"]
[WhiteTeam "Fuerth SF"]
[BlackTeam "Muehlhof/Mfr"]
[WhiteTeamCountry "GER"]
[BlackTeamCountry "GER"]

1. d4 Nf6 2. Nf3 e6 3. c4 Bb4+ 4. Bd2 Qe7 5. g3 Nc6 6. Bg2 Ne4 7. 0-0 Bxd2 8. Nbxd2 Nxd2 9. Qxd2 d6 10. e4 e5 11. d5 Nb8 12. b4 Nd7 13. Nh4 Nf6 14. Rac1 0-0 15. c5 Rd8 16. Rfd1 Ne8 17. Bf1 Bg4 18. Be2 Bd7 19. f3 g6 20. Ng2 Rac8 21. Qe3 a6 22. a3 Ba4 23. Re1 c6 24. cxd6 Rxd6 25. Bc4 Nc7 26. dxc6 Rxc6 27. Ba2 Nb5 28. Rxc6 Rxc6 29. Rc1 Nd4 30. Rxc6 Bxc6 31. Kf2 Qd6 32. Qd2 Qf6 33. Ne1 Bxe4 34. f4 g5 35. Qe3 Bc6 36. Qxe5 Qxe5 37. fxe5 Nb5 38. Nc2 Be4 39. Nd4 Nxa3 40. e6 fxe6 41. Nxe6 1/2-1/2

[Event "Mittelfrankenliga-B2b 0708"]
[Site "Mittelfranken"]
[Date "2008.04.27"]
[Round "9.2"]
[White "Proeschel, Gerhard"]
[Black "Mehwald, Thomas"]
[Result "1/2-1/2"]
[WhiteElo "1895"]
[BlackElo "2011"]
[PlyCount "86"]
[EventDate "2007.10.14"]
[EventType "team-tourn"]
[EventRounds "9"]
[EventCountry "GER"]
[SourceTitle "EXT 2011"]
[Source "ChessBase"]
[SourceDate "2010.11.26"]
[SourceVersion "1"]
[SourceVersionDate "2010.11.26"]
[SourceQuality "1"]
[WhiteTeam "Schwabach"]
[BlackTeam "Muehlhof"]
[WhiteTeamCountry "GER"]
[BlackTeamCountry "GER"]

1. d4 Nf6 2. c4 e6 3. Nc3 Bb4 4. Nf3 b6 5. Bg5 h6 6. Bh4 Bb7 7. e3 g5 8. Bg3 Ne4 9. Qc2 Bxc3+ 10. bxc3 d6 11. Bd3 f5 12. h3 Nxg3 13. fxg3 Bxf3 14. gxf3 Qf6 15. 0-0-0 Rf8 16. Rde1 Nd7 17. Qa4 Ke7 18. Qc6 Rac8 19. Rhf1 Kd8 20. g4 Rf7 21. f4 Nb8 22. Qg2 c5 23. gxf5 e5 24. fxe5 dxe5 25. dxe5 Qxe5 26. Qd5+ Qxd5 27. cxd5 Nd7 28. Ba6 Rc7 29. e4 Ne5 30. Be2 Rf6 31. c4 Kd7 32. Kc2 Kd6 33. Kc3 Nd7 34. Bd1 Ke5 35. Ba4 Nf8 36. Rg1 Nh7 37. Kd3 Rd6 38. Ke3 Rg7 39. Bd1 Nf6 40. Kd3 Rd8 41. Rg2 Rf8 42. Bf3 Ne8 43. Reg1 Nd6 1/2-1/2

[Event "Mittelfrankenliga-B2b 0708"]
[Site "Mittelfranken"]
[Date "2008.04.13"]
[Round "8.2"]
[White "Mehwald, Thomas"]
[Black "Mueller, Norbert2222"]
[Result "1/2-1/2"]
[WhiteElo "2011"]
[BlackElo "2015"]
[PlyCount "46"]
[EventDate "2007.10.14"]
[EventType "team-tourn"]
[EventRounds "9"]
[EventCountry "GER"]
[SourceTitle "EXT 2011"]
[Source "ChessBase"]
[SourceDate "2010.11.26"]
[SourceVersion "1"]
[SourceVersionDate "2010.11.26"]
[SourceQuality "1"]
[WhiteTeam "Muehlhof"]
[BlackTeam "Bad Windsheim"]
[WhiteTeamCountry "GER"]
[BlackTeamCountry "GER"]

1. e4 e5 2. Nc3 Nf6 3. Bc4 Bc5 4. d3 h6 5. f4 d6 6. f5 a5 7. Qf3 Nc6 8. Nge2 Bd7 9. a3 Qe7 10. g4 Nd4 11. Nxd4 exd4 12. Ne2 Bc6 13. Bf4 0-0-0 14. g5 Nd7 15. gxh6 gxh6 16. 0-0-0 Ne5 17. Bxe5 dxe5 18. Qh5 Rdf8 19. Rhg1 b5 20. Ba2 b4 21. axb4 Bxb4 22. Rg2 Be8 23. Qh3 Kb7 1/2-1/2

[Event "Mittelfrankenliga-B2b 0708"]
[Site "Mittelfranken"]
[Date "2007.11.11"]
[Round "2.2"]
[White "Roeschinger, Udo"]
[Black "Mehwald, Thomas"]
[Result "1-0"]
[WhiteElo "1885"]
[BlackElo "2011"]
[PlyCount "143"]
[EventDate "2007.10.14"]
[EventType "team-tourn"]
[EventRounds "9"]
[EventCountry "GER"]
[SourceTitle "EXT 2011"]
[Source "ChessBase"]
[SourceDate "2010.11.26"]
[SourceVersion "1"]
[SourceVersionDate "2010.11.26"]
[SourceQuality "1"]
[WhiteTeam "Heilsbronn"]
[BlackTeam "Muehlhof"]
[WhiteTeamCountry "GER"]
[BlackTeamCountry "GER"]

1. e4 c5 2. c4 Nc6 3. Nc3 g6 4. g3 Bg7 5. Bg2 d6 6. Nge2 Bd7 7. d3 Rb8 8. Rb1 a6 9. 0-0 b5 10. b3 e6 11. Qd2 Nge7 12. Bb2 Nd4 13. cxb5 axb5 14. Nxd4 Bxd4 15. Ne2 Bxb2 16. Qxb2 e5 17. b4 Nc6 18. bxc5 dxc5 19. Rfc1 Qe7 20. Nc3 0-0 21. Nd5 Qd6 22. Qc3 Nb4 23. Qxc5 Qxc5 24. Rxc5 Nxd5 25. Rxd5 Be6 26. Rxe5 Bxa2 27. Rbxb5 Rfd8 28. Rxb8 Rxb8 29. Ra5 Rb1+ 30. Bf1 Be6 31. Kg2 f5 32. e5 g5 33. Be2 Re1 34. Bf3 g4 35. Bd5 Rxe5 36. Bxe6+ Rxe6 37. Rxf5 Rd6 38. Rg5+ Kf7 39. Rxg4 Rxd3 40. Rf4+ Kg6 41. Kh3 Rd2 42. Kh4 Rd5 43. h3 Rd2 44. Rf8 Rd5 45. f4 Kg7 46. Ra8 Kh6 47. Ra6+ Kg7 48. Kg4 Rd3 49. h4 h5+ 50. Kh3 Rd2 51. Ra5 Kh6 52. Rg5 Rf2 53. f5 Re2 54. Rg6+ Kh7 55. g4 Rf2 56. Kg3 Rf1 57. Rg5 hxg4 58. Kxg4 Kh6 59. Rg6+ Kh7 60. Kg5 Rf2 61. Kf6 Ra2 62. Rg7+ Kh8 63. Re7 Rg2 64. Ke6 Rh2 65. f6 Rf2 66. Kf7 Kh7 67. Ke8+ Kh8 68. f7 Rf4 69. Re5 Kg7 70. Rg5+ Kh7 71. f8Q Re4+ 72. Qe7+ 1-0

[Event "Mittelfrankenliga-B2b 0607"]
[Site "Mittelfranken"]
[Date "2007.03.11"]
[Round "7.2"]
[White "Wuensch, Rainer"]
[Black "Mehwald, Thomas"]
[Result "0-1"]
[WhiteElo "2010"]
[BlackElo "1996"]
[PlyCount "80"]
[EventDate "2006.10.22"]
[EventType "team-tourn"]
[EventRounds "9"]
[EventCountry "GER"]
[SourceTitle "EXT 2011"]
[Source "ChessBase"]
[SourceDate "2010.11.26"]
[SourceVersion "1"]
[SourceVersionDate "2010.11.26"]
[SourceQuality "1"]
[WhiteTeam "Rothenburg"]
[BlackTeam "Muehlhof"]
[WhiteTeamCountry "GER"]
[BlackTeamCountry "GER"]

1. d4 Nf6 2. c4 e6 3. Nf3 b6 4. g3 Bb7 5. Bg2 Bb4+ 6. Bd2 Bxd2+ 7. Qxd2 Ne4 8. Qd3 d5 9. cxd5 Bxd5 10. Nc3 Nxc3 11. bxc3 Nd7 12. e4 Bb7 13. 0-0 Nc5 14. Qb5+ Qd7 15. Qxd7+ Nxd7 16. Rfe1 0-0 17. c4 Rfd8 18. Nd2 Ne5 19. d5 Ba6 20. Rec1 g5 21. Rc3 c6 22. Rac1 cxd5 23. cxd5 Nd3 24. Rd1 exd5 25. exd5 Nc5 26. Nf3 Be2 27. Rd4 Bxf3 28. Bxf3 Rd6 29. Re3 Kf8 30. h4 h6 31. Kg2 Re8 32. hxg5 hxg5 33. Kh3 f5 34. Kg2 Re7 35. Rxe7 Kxe7 36. g4 f4 37. Rd1 Kf6 38. Re1 Nd3 39. Re8 Kf7 40. Ra8 Ne1+ 0-1

[Event "Mittelfranken-chT 0405"]
[Site "Germany"]
[Date "2005.03.13"]
[Round "7.2"]
[White "Mehwald, Thomas"]
[Black "Strobel, Norbert"]
[Result "0-1"]
[WhiteElo "2037"]
[BlackElo "2002"]
[PlyCount "100"]
[EventDate "2004.10.17"]
[EventType "team"]
[EventRounds "9"]
[EventCountry "GER"]
[SourceTitle "EXT 2007"]
[Source "ChessBase"]
[SourceDate "2006.11.23"]
[SourceVersion "1"]
[SourceVersionDate "2006.11.23"]
[SourceQuality "1"]

1. e4 d6 2. d4 g6 3. Nf3 Bg7 4. Bc4 Nf6 5. Nc3 0-0 6. Qe2 Nc6 7. h3 e5 8. dxe5 dxe5 9. Bg5 Nd4 10. Qd3 h6 11. Bxf6 Qxf6 12. Nxd4 exd4 13. Ne2 a6 14. a4 Re8 15. 0-0 Be6 16. Rad1 c5 17. f3 Bd7 18. a5 Bc6 19. Qb3 Rad8 20. Nc1 Bf8 21. Nd3 Kg7 22. Qb6 Bd6 23. Rde1 Qe7 24. Re2 Rc8 25. Qb3 Bc7 26. Qa3 Bb5 27. Bxb5 axb5 28. f4 b4 29. Qa4 Ra8 30. Qb5 Rxa5 31. Qxb7 Qd7 32. e5 Rb8 33. Qe4 c4 34. Nf2 Qf5 35. Qxf5 gxf5 36. Nd1 Bb6 37. Kh1 Rd8 38. Rf3 Ra1 39. Rf1 d3 40. cxd3 Rxd3 41. Ree1 Bd4 42. g4 Rxh3+ 43. Kg2 fxg4 44. Nf2 Rxe1 45. Rxe1 Bxf2 46. Kxf2 Rh2+ 47. Kg3 Rxb2 48. f5 c3 49. e6 fxe6 50. fxe6 Kf8 0-1

[Event "Mittelfranken-chT 0405"]
[Site "Germany"]
[Date "2004.10.17"]
[Round "1.2"]
[White "Alsheimer, Christoph"]
[Black "Mehwald, Thomas"]
[Result "1/2-1/2"]
[WhiteElo "2000"]
[BlackElo "2038"]
[PlyCount "39"]
[EventDate "2004.10.17"]
[EventType "team"]
[EventRounds "9"]
[EventCountry "GER"]
[SourceTitle "EXT 2007"]
[Source "ChessBase"]
[SourceDate "2006.11.23"]
[SourceVersion "1"]
[SourceVersionDate "2006.11.23"]
[SourceQuality "1"]

1. d4 Nf6 2. Nf3 e6 3. e3 d5 4. Bd3 Bd6 5. 0-0 Nbd7 6. Nbd2 0-0 7. e4 dxe4 8. Nxe4 Nxe4 9. Bxe4 Nf6 10. Bd3 b6 11. Qe2 Bb7 12. Rd1 h6 13. Be3 Qe7 14. Ne5 Nd5 15. Bd2 Qh4 16. Qe4 Qxe4 17. Bxe4 Bxe5 18. dxe5 Rab8 19. c4 Ne3 20. Bxe3 1/2-1/2